| 000 | 00381nam a2200145Ia 4500 | ||
|---|---|---|---|
| 008 | 230917s9999||||xx |||||||||||||| ||und|| | ||
| 040 |
_e100140 _aMAIN |
||
| 041 | _aEnglish | ||
| 082 | _a320.50954 J199R | ||
| 100 | _aJain,, Tripti | ||
| 245 | 0 | _aRepresentative Indian social and political thinkers | |
| 260 |
_aJaipur _bColege Book Depot |
||
| 300 | _aii, 199 p. | ||
| 942 | _cBK | ||
| 999 |
_c110596 _d110596 |
||